Les équipes demi-finalistes de Ligue des Champions - Statistiques

Statistiques générales
  • Ce quiz a été pris 499 fois
  • Le résultat moyen est 23 sur 28
Statistiques - réponses
Equipe demi-finaliste Nombre de fois % Correct
Real Madrid 11
100%
FC Barcelone 10
99%
Manchester City 1
98%
Manchester United 5
98%
Paris Saint-Germain 1
97%
Bayer Leverkusen 1
96%
Chelsea 7
96%
Inter Milan 2
96%
Liverpool 5
96%
Milan AC 4
96%
Juventus Turin 3
95%
Olympique Lyonnais 2
94%
Bayern Munich 9
92%
Borussia Dortmund 1
92%
Atlético Madrid 3
91%
Arsenal 2
88%
Porto 1
87%
Ajax Amsterdam 1
84%
AS Monaco 2
84%
Tottenham 1
81%
FC Valence 1
70%
As Rome 1
68%
Red Bull Leipzig 1
60%
PSV Eindhoven 1
59%
Villareal 1
49%
Schalke 04 1
46%
Leeds United 1
43%
Deportivo La Corogne 1
39%
Aucun quiz correspondant
Distribution des résultats
% des personnes avec chaque résultat
Percentile par nombre de réponses
Votre historique - résultats
Vous n’avez pas pris ce quiz